Hidden Green Quiz Stats

 Plays Quiz not verified by Sporcle

Score 0/16 Timer 03:00
0 Plays Today
Clue Word with G-R-E-E-N % Correct
A person aged 13 to 19teenager
95.3%
A small bomb designed to be throwngrenade
74%
A salutationgreeting
72.1%
A person who designs or runs technical machineryengineer
68.1%
Usable power that comes from heat, electricity, etc.energy
60.5%
To fill with angerenrage
53.7%
Not specificgeneral
46.8%
Any of various mandarin orangestangerine
42.9%
Clue Word with G-R-E-E-N % Correct
Having a tendency to wander or variety of falconperegrine
40.4%
A shade of purple often associated with eggplantaubergine
36.5%
To produce (e.g. power or an idea)generate
35.8%
Category of artistic compositiongenre
26.2%
One who rejects lawful behaviorrenegade
22.3%
Stayed longer than necessarylingered
20.3%
Having qualities that inspire love or affectionendearing
12.3%
Insane, madderanged
8.3%

You're not logged in!

Compare scores with friends on all Sporcle quizzes.
OR
Log In

You Might Also Like...

Show Comments

Extras

Top Quizzes Today


Score Distribution

Your Account Isn't Verified!

In order to create a playlist on Sporcle, you need to verify the email address you used during registration. Go to your Sporcle Settings to finish the process.

Report this User

Report this user for behavior that violates our Community Guidelines.

Details: